Đô thị cổ Hội An và những di tích tiêu biểu = La vieille ville Hoian et ses monuments représentatifs /

Những kiến trúc cổ ở Hội An; Những giá trị văn hoá, nghệ thuật ở Hội An; Những địa danh du lịch ở Hội An.

Sparad:
Bibliografiska uppgifter
Huvudupphovsman: Nguyễn Phước Tương.
Materialtyp: Bok
Språk:Vietnamese
French
Publicerad: Hà Nội : Giáo dục, 1997.
Ämnen:
Taggar: Lägg till en tagg
Inga taggar, Lägg till första taggen!
Thư viện lưu trữ: Mạng thư viện Đại học Đà Nẵng
LEADER 01214cam a2200373 a 4500
001 000042382
003 256
005 20060503091449.0
008 010217b1997 vm 000 vie
020 |c 40000 
040 |a IRC  |c IRC  |d IRC 
041 0 |a vie  |a fre 
082 1 4 |a 915.9752  |b NG-T 
100 1 |a Nguyễn Phước Tương. 
245 1 0 |a Đô thị cổ Hội An và những di tích tiêu biểu =  |b La vieille ville Hoian et ses monuments représentatifs /  |c Nguyễn Phước Tương. 
246 0 1 |a La vieille ville Hoian et ses monuments représentatifs. 
260 |a Hà Nội :  |b Giáo dục,  |c 1997. 
300 |a 164 tr. ;  |c 19 cm. 
520 3 |a Những kiến trúc cổ ở Hội An; Những giá trị văn hoá, nghệ thuật ở Hội An; Những địa danh du lịch ở Hội An. 
630 0 4 |a Du lịch. 
630 0 4 |a Di tích. 
630 0 4 |a Hội An. 
650 0 4 |a Di tích văn hoá. 
651 4 |a Hội An (Đô thị cổ)  |z Việt Nam. 
OWN |a DUT 
999 |a From the UDN01 
TYP |a Monograph 
TYP |a Printed language 
980 |a Mạng thư viện Đại học Đà Nẵng